Alle landen waar Premier league spelers vandaan komen - Statistieken

Algemene statistieken
  • Deze quiz is 124 keer genomen
  • De gemiddelde score is 42 van 59
Antwoorden op de kaart
Antwoorden kleurgecodeerd door een groen-rode schaal op de quizkaart volgens % correct hieronder.
 
Antwoordstatistieken
Antwoord % Correct
Nederland
96%
België
95%
Brazilië
95%
Argentinië
93%
Frankrijk
93%
Duitsland
92%
Engeland | Wales | Schotland
92%
Spanje
92%
Italië
91%
Portugal
91%
Canada
90%
Verenigde Staten
90%
Mexico
89%
Noorwegen
88%
Ierland
87%
Zweden
87%
Egypte
86%
Polen
84%
Denemarken
83%
Oekraïne
83%
Zwitserland
83%
Marokko
82%
Turkije
82%
Australië
79%
Griekenland
79%
IJsland
79%
Japan
79%
Kroatië
79%
Tsjechië
77%
Chili
76%
Uruguay
75%
Zuid-Korea
74%
Algerije
73%
Colombia
73%
Roemenië
72%
Zuid Afrika
71%
Hongarije
68%
Nigeria
68%
Albanië
67%
Ecuador
67%
Senegal
66%
Bosnië en Herzegovina
64%
Estland
64%
Servië
63%
Tunesië
63%
Paraguay
61%
Slowakije
61%
Ghana
57%
Iran
54%
Ivoorkust
53%
Kameroen
53%
Mali
51%
Israël
48%
Kosovo
47%
Jamaica
38%
Burkina Faso
35%
Zimbabwe
32%
Grenada
7%
D.R. Congo
3%
Geen overeenkomende quizzen gevonden
Scoreverdeling
Procent van Mensen met Elke Score
Percentiel versus Aantal Correcte Antwoorden
Uw Scoregeschiedenis
U heeft deze quiz nog niet genomen